Problemas de cultura y de educación
保存先:
| 第一著者: | |
|---|---|
| フォーマット: | 図書 |
| 言語: | スペイン語 |
| 出版事項: |
Buenos Aires
Hachette
1957
|
| シリーズ: | Colección el Mirador
|
| 主題: | |
| タグ: |
タグ追加
タグなし, このレコードへの初めてのタグを付けませんか!
|
MARC
| LEADER | 00000nam a2200000 a 4500 | ||
|---|---|---|---|
| 001 | UCY8080 | ||
| 003 | CL-VaPUC | ||
| 008 | 950623e19570000AG |||||||||||||||||spa|d | ||
| 082 | 0 | 4 | |a 306.43 |b MON |2 21 |
| 100 | |a Mondolfo, Rodolfo |e autor |9 339183 | ||
| 245 | 1 | 0 | |a Problemas de cultura y de educación |
| 300 | |a 177 p | ||
| 942 | |c BK | ||
| 945 | |d 19950623 00:00:00 |a cmena | ||
| 260 | |a Buenos Aires |b Hachette |c 1957 | ||
| 650 | 0 | |a Problemas sociales |9 258537 | |
| 650 | 7 | |a EDUCACION Y DESARROLLO |2 CL-VaPUC |9 324696 | |
| 650 | 0 | |a Cultura |9 269059 | |
| 650 | 0 | |a Sociología de la educación |9 260380 | |
| 650 | 0 | |a Libre albedrío |9 334583 | |
| 650 | 0 | |a Libertad de enseñanza |9 311567 | |
| 583 | |a last modification |c 19950623 00:00:00 |k Rodrigo Vera | ||
| 490 | 0 | |a Colección el Mirador | |
| 999 | |c 235360 |d 235358 | ||
| 952 | |0 0 |1 0 |4 0 |6 306_430000000000000_MON_1957 |7 0 |8 P |9 242731 |a BIBEDU |b BIBEDU |c BIBEDU_PB |d 2019-11-18 |i 1522183 |o 306.43 MON 1957 |p 1522183 |r 2024-01-25 |w 2019-11-18 |y BK |k EDU | ||